Catálogo

INSTANT ACID (Registro nro. 50173)

Detalles MARC
000 -LEADER
fixed length control field 00938nam a2200205 a 4500
001 - CONTROL NUMBER
control field 50173
005 - DATE AND TIME OF LATEST TRANSACTION
control field 20180714035139.0
008 - FIXED-LENGTH DATA ELEMENTS--GENERAL INFORMATION
fixed length control field 140415d 000 0 eng d
020 ## - INTERNATIONAL STANDARD BOOK NUMBER
International Standard Book Number 1578202663
041 ## - LANGUAGE CODE
Language code of text/sound track or separate title eng
082 ## - DEWEY DECIMAL CLASSIFICATION NUMBER
Classification number 006.5
Item number ROF
100 1# - MAIN ENTRY--PERSONAL NAME
Personal name ROFRANO, JOHN
245 10 - TITLE STATEMENT
Title INSTANT ACID
250 ## - EDITION STATEMENT
Edition statement 1a ed.
260 ## - PUBLICATION, DISTRIBUTION, ETC.
Place of publication, distribution, etc. [s.l.] :
Name of publisher, distributor, etc. CMP MEDIA LLC,
Date of publication, distribution, etc. [s.f.]
300 ## - PHYSICAL DESCRIPTION
Extent 224
Dimensions 23.5 x 1.6 x 18.6
520 ## - SUMMARY, ETC.
Summary, etc. ACID IS A HIGHLY GRAPHICAL PROGRAM THAT CAN BE USED ON MANY LEVELS. BEGINNERS AND NON- MUSICIANS CAN USE IT FOR BASIC LOOP- BASED COMPOSITION, DRAWING ON THE ENORMOUS TALENT OF THE LOOP CREATORS, AND ASSEMBLE A SONG SIMPLY BY PAINTING LOOPS ON THE TIMELINE. MUSICIANS CAN AUGMENT EXISTING LOOPS BY RECORDING THEIR OWN LOOPS, OR BY USING ACID, AS YOU WOULD ANY RECORDING SOFTWARE TO CREATE ENTIRE TRACKS THAT DON´T LOOP.
650 14 - SUBJECT ADDED ENTRY--TOPICAL TERM
Topical term or geographic name entry element MULTIMEDIA
General subdivision PROGRAMACION
-- SONIDO
700 1# - ADDED ENTRY--PERSONAL NAME
Personal name LACOBUS
Relator term coaut.
Existencias
Withdrawn status Lost status Source of classification or shelving scheme Damaged status Not for loan Collection code Home library Current library Shelving location Date acquired Source of acquisition Inventory number Total Checkouts Full call number Barcode Date last seen Price effective from Koha item type
    Dewey Decimal Classification     General Biblioteca Karol Wojtyla Biblioteca Karol Wojtyla Sala general 03/12/2013 Compra 151000000000000000059500   '006.5 ROF 74899 05/01/2026 03/12/2013 Libro